000 00502nam a2200181Ia 4500
005 20250508162947.0
008 008 250505s9999 xx 000 0 eng d
037 _aTextual
040 _aFEDL
_beng
_cFEDL
041 _aeng
_2eng
084 _a185, BAR
_qFEDL
100 _aBarnes Jonathan Ed.
245 0 _aCambridge companion to aristotle
260 _aCambridge
_bCambridge University Press
_c1995
300 _axxv,404p
942 _cTEXL
_h185, BAR
999 _c1379645
_d1379645